Leader xxxxxxxxxx
001 __ PCLIS00053148
005 __ 20091014102047.0
010 0_ |a9789861675060|b首部曲 : 平裝|dNT$199
010 0_ |a9789861675053|b二部曲: 平裝|dNT$199
010 0_ |a9789861675046|b三部曲: 平裝|dNT$199
020 __ |atw|b97018882
042 __ |anbic
042 __ |anbi9808bps
050 __ |a001983334
100 __ |a20081212d2008 y0chiy09 e
101 0_ |achi
102 __ |atw
105 __ |ay z 000ay
200 1_ |a京陵行|e|f岸上風著
205 __ |a初版
210 __ |a臺北縣深坑鄉|c新潮社出版|a臺北縣中和市|c旭昇圖書代理|d2008
215 0_ |a3冊|c|d21公分
225 1_ |a名家排行榜|v13-15
300 __ |a
327 1_ |a首部曲, 星落天河|a二部曲, 汴京狼煙|a三部曲, 狂云鋤奸
463 _0 |12001 |a星落天河
463 _0 |12001 |a汴京狼煙
463 _0 |12001 |a狂云鋤奸
681 __ |a857.9|b8655
700 _0 |a岸|b上風|c(中國文學)|4著
702 __ |a|b|4
801 _0 |atw|bCIP|c20081002|gCCR
801 _1 |atw|bCIP|c20081002|gCCR
801 _2 |atw|b國圖|c20091013|gCCR
|